000 003230000a22001450004500
003 MACL
040 _aMACL
090 _c7047
_d7046
100 _aChatterji, Pritibhushan
245 _aComparative Religion A Study
260 _bThe Ramakrishna Mission
_c1968
350 _a0.50
650 _aphilosophy
942 _cBOOK
_k100
999 _c6999
_d6999